000 01275nam1a2200229 i 4500
001 RU\NLR\BIBL_A\010945931
005 20240921170829.0
035 _a(NLR Aleph) 010945931
090 _a10766815
_c10766815
100 _a20151013g20149999km y0rusy50 ca
101 0 _arus
102 _aRU
105 _a |||z||||||||
200 1 _aАграрная наука, образование, производство: актуальные вопросы
_ecборник трудов Всероссийской научно-практической конференции с международным участием, [24 апреля 2014 г.
_fредкол.: Гужавина О.Б., к.филос.н. и др.]
210 _aНовосибирск
_cЗолотой колос
_d2014
215 _d29
702 1 _aГужавина
_bО. Б.
_gОльга Борисовна
_4340
711 1 2 _a"Аграрная наука, образование, производство: актуальные вопросы", всероссийская научно-практическая конференция с международным участием
_d16
_eТомск
_f2014
_9487304
_3RU\NLR\AUTH\880410859
852 _aNLR
_j2015-8/3631
942 _cBOOK